عبدالبارى آسى : اىک تحقىقى نظر / ʻAbdulbārī Āsī : ek taḥqīqī naz̤ar / (Record no. 81705)
[ view plain ]
| 000 -LEADER | |
|---|---|
| fixed length control field | 00854nam a2200217 4500 |
| 001 - CONTROL NUMBER | |
| control field | 81705 |
| 003 - CONTROL NUMBER IDENTIFIER | |
| rucl marc code | BD-RjUL |
| 005 - DATE AND TIME OF LATEST TRANSACTION | |
| control field | 20230816161829.0 |
| 008 - FIXED-LENGTH DATA ELEMENTS--GENERAL INFORMATION | |
| fixed length control field | 230816s1968 ii ||||| |||| 00| 0 urd d |
| 035 ## - SYSTEM CONTROL NUMBER | |
| System control number | (BD-RjUL)81705 |
| 040 ## - CATALOGING SOURCE | |
| Original cataloging agency | BD-RjUL |
| Language of cataloging | eng |
| Transcribing agency | BD-RjUL |
| 041 ## - LANGUAGE CODE | |
| Language code of text/sound track or separate title | urd |
| 082 ## - DEWEY DECIMAL CLASSIFICATION NUMBER | |
| Edition number | 23 |
| Classification number | 891.43909 |
| Author mark and year | VAA 1968 |
| 100 ## - MAIN ENTRY--PERSONAL NAME | |
| Personal name | سندىلوى٫ وصى احمد, Sandilavi, Wasi Ahmad, |
| Dates associated with a name | 1923 |
| 9 (RLIN) | 8381 |
| 245 10 - TITLE STATEMENT | |
| Title | عبدالبارى آسى : اىک تحقىقى نظر / ʻAbdulbārī Āsī : ek taḥqīqī naz̤ar / |
| Statement of responsibility, etc. | وصى احمد سندىلوى. ;; Vaṣī Aḥmad Sandīlvī |
| 260 ## - PUBLICATION, DISTRIBUTION, ETC. (IMPRINT) | |
| Place of publication, distribution, etc. | Lakhnaʼū, |
| Name of publisher, distributor, etc. | نسىم بکڈپو،, / Nasīm Bukḍipo, |
| Date of publication, distribution, etc. | 1968 |
| 300 ## - PHYSICAL DESCRIPTION | |
| Pagination | 157 p. ; |
| Size | 19 cm |
| 600 ## - SUBJECT ADDED ENTRY--PERSONAL NAME | |
| Personal name | Āsī, ʻAbdulbārī |
| 650 ## - SUBJECT ADDED ENTRY--TOPICAL TERM | |
| Topical term or geographic name as entry element | Urdu Literature |
| Form subdivision | Criticism and interpretation Criticism, interpretation, etc |
| 9 (RLIN) | 8383 |
| 942 ## - ADDED ENTRY ELEMENTS (KOHA) | |
| Source of classification or shelving scheme | Dewey Decimal Classification |
| Koha item type | Books |
| Lost status | Source of classification or shelving scheme | Damaged status | Not for loan | Collection code | Permanent Location | Current Location | Shelving location | Date acquired | Total Checkouts | Full call number | Date last seen | Copy number | Koha item type |
|---|---|---|---|---|---|---|---|---|---|---|---|---|---|
| Dewey Decimal Classification | Not For Loan | Non-fiction | Central Library, University of Rajshahi | Central Library, University of Rajshahi | Reading Room | 16/08/2023 | U 891.43909 VAA 1968 | 16/08/2023 | C-1 | Books |